Public and situated displays : social and interactional aspects of shared display technologies

Αποθηκεύτηκε σε:
Λεπτομέρειες βιβλιογραφικής εγγραφής
Άλλοι συγγραφείς: O'Hara, Kenton (Επιμελητής έκδοσης)
Μορφή: Βιβλίο
Γλώσσα:English
Δημοσίευση: Dordrecht : Kluwer Academic, c2003
Σειρά:Kluwer international series on computer supported cooperative work ; ; v.2
Θέματα:
Ετικέτες: Προσθήκη ετικέτας
Δεν υπάρχουν, Καταχωρήστε ετικέτα πρώτοι!

MARC

LEADER 00000nam a2200000 i 4500
001 1/72707
008 080128s2003 eng d
020 |a 1-4020-1677-8 
035 |l 10094187 
040 |a GR-MY-UA  |b gre  |e aacr 
041 0 |a eng 
082 0 |a 659.1342  |2 (22) 
245 1 0 |a Public and situated displays :  |b social and interactional aspects of shared display technologies /  |c Edited by Kenton O' Hara ... [κ.ά.] 
260 |a Dordrecht :   |b Kluwer Academic,   |c c2003 
300 |a xxxiv, 422 σ.;  |b εικ.;  |c 25 εκ. 
490 1 |a The Kluwer international series on computer supported cooperative work  |v ; v.2 
504 |a Βιβλιογραφία: σ. 408-409. Ευρετήριο 
650 0 0 |a Advertising, Outdoor  |x Social aspects. 
650 0 0 |a Display boards  |x Computer-aided design. 
650 0 0 |a Visual communication  |x Social aspects. 
650 0 0 |a Signs and signboards  |x Computer-aided design. 
700 1 |a O'Hara, Kenton.  |4 edt 
830 0 |a Kluwer international series on computer supported cooperative work ;  |v ; v.2 
852 |a INST  |b SYROS  |e 20080128  |h 659.1342 OHA  |p 005500006626  |q 005500006626  |t BK  |y 0 
901 |a BIBL5-2008-1 
909 |a Ε  |b 133446 
922 |a 5ΕΛΗ  |b 200709  |c ΒΙΒΛΙΟΘΗΚΗ ΣΥΡΟΥ  |d GLORYBOOK 
970 |a ΚΑΓΙΑΒΑ  |b ΕΙΡΗΝΗ  |z 2008/01/28